01361 2200205 4500001002100000005001500021035002000036008004100056245002500097100001000122250000600132260003800138300001200176084001400188082000800202650001000210520091100220990001201131990001201143INLIS00000000000090320240604073919 a0010-0524000138240604 1 ind 1 aKangen Kamu /cNando aNando a1 aYogyakarta :bSheila/ Andi,c2015 a170 hlm a813 NAN k a813 4aFiksi aAkankah pernyataan suka Yoga itu bisa menyembuhkan sakit hati dan kecewa Viona? Penasaran? Jawabannya bisa kamu temukan dalam cerita Kangen Kamu.Tak hanya itu, masih ada empat belas cerita keren dan seru lainnya.Bukan saja bicara cinta, tapi juga tentang persahabatan, keluarga dan hal-hal lain yang sulit kamu duga. Dikemas penulisnya semanis permen lolipop, serenyah kerupuk kulit dan seempuk daging rendang Padang.Dijamin kamu tak akan berhenti membaca buku ini hingga halaman terakhir. Teenlit cuma cerita cinta remaja yang cemen? Setelah baca kumcer keren ini, anggapan kamu pasti langsung berubah! Dunia remaja punya banyak warna dan rasa. (Triani Retno A - penulis kumcer "Siapa Mau Jadi Pacarku" dan novel "LIMIT") Baca buku ini jadi kangen masa-masa pedekate dan tepe-pe ke gebetan. Cerita-ceritanya fun banget namun endingnya nyubit di hati. Kadang bikin senyum tapi ada juga yang bikin terenyuh. a0741406 a0741407